| 000 | 01245nam a2200325 a 4500 | ||
|---|---|---|---|
| 003 | DO-SdBNP | ||
| 005 | 20240507194904.0 | ||
| 007 | ta | ||
| 008 | 240304e2022 sp adb|gr|||| 001 0 spa d | ||
| 040 |
_aDO-SdBNP _bspa _cBNPHU _erda |
||
| 082 | 4 |
_222 _bP195a, 2022 _a778.5 |
|
| 245 | 1 | 0 |
_aPanorama audiovisual iberoamericano 2022 / _cOscar Berrendo Pérez, Juan Antonio Serrano Fernández, Enrique Encinas Puebla; Introducción, María Priego, Carlos Antón. |
| 264 |
_aMadrid, España : _bEGEDA, _c2022 |
||
| 300 |
_a468 paginas. : _bilustraciones., gráficas., mapas, fotografias. ; _c30 cm. |
||
| 336 |
_2rdacontent _atexto _btxt |
||
| 337 |
_2rdamedia _asin mediación _bn |
||
| 338 |
_2rdacarrier _avolumen _bnc |
||
| 590 | _aInventariado 2024/DG | ||
| 650 | 4 |
_95191 _aMateriales audiovisuales |
|
| 650 | 4 |
_926091 _aEnseñanza Audiovisual |
|
| 650 | 4 |
_937566 _aDerecho de Comunicación Audiovisual |
|
| 650 | 0 |
_aIndustria cinematográfica _96451 |
|
| 700 | 1 |
_982983 _aBerrendo Pérez, Oscar _eeditor |
|
| 700 | 1 |
_982984 _aSerrano Fernández, Juan Antonio |
|
| 700 | 1 |
_982985 _aEncinas Puebla, Enrique _eeditor |
|
| 700 | 2 |
_aPriego, María _eintrod. _982988 |
|
| 700 | 2 |
_aAntón, Carlos _eintrod. _982989 |
|
| 910 | _aDG | ||
| 942 |
_2ddc _cLBS1 |
||
| 999 |
_c56026 _d56026 |
||